Language Quiz

Random Language or French Quiz

French Speaking Countries Quiz Stats

 Plays Quiz Updated Nov 17, 2017

Score 0/29 Timer 07:00
4 Plays Today
Population Country % Correct
66,057,790France
99.6%
33,212,696Canada
84%
10,403,951Belgium
69.9%
7,581,520Switzerland
68.4%
18,373,060Cote d'Ivoire
62.9%
13,272,679Niger
60.1%
8,924,553Haiti
55.2%
66,514,506Democratic Republic of the Congo
54.2%
12,853,259Senegal
54.2%
486,006Luxembourg
54%
12,324,029Mali
53.3%
32,796Monaco
52.6%
10,111,337Chad
52.5%
18,467,692Cameroon
50.4%
10,211,437Guinea
50.3%
Population Country % Correct
5,858,673Togo
48%
3,903,318Republic of the Congo
44.8%
8,294,941Benin
44.5%
4,434,873Central African Republic
43.3%
20,042,551Madagascar
41.8%
1,485,832Gabon
40.4%
15,264,735Burkina Faso
39.6%
10,186,063Rwanda
38.4%
82,247Seychelles
32.8%
8,691,005Burundi
32.5%
616,459Equatorial Guinea
30.8%
731,775Comoros
28.3%
506,221Djibouti
27.7%
215,446Vanuatu
16.5%

You're not logged in!

Compare scores with friends on all Sporcle quizzes.
OR
Log In

Sporcle TV

Today on Sporcle TV


Watch our educational content, quiz creation guides, and fun videos on Sporcle TV.

Show Comments

Extras

Top Quizzes Today


Score Distribution

Your Account Isn't Verified!

In order to create a playlist on Sporcle, you need to verify the email address you used during registration. Go to your Sporcle Settings to finish the process.

Report this User

Report this user for behavior that violates our Community Guidelines.

Details: